00409nam a22001577a 450000500170000000800410001702000180005804100080007608200080008410000150009224500750010726000340018230000080021636500160022465000110024020230103112134.0221212b |||||||| |||| 00| 0 eng d a9780007592517 aeng bKel aKelley Tom aCreative Confidence : Unleashing the Creative Potential Within us All aLondonbWilliam Collinsc2013 a288 b210.00cRs. aDesign